[Event "Olympiad-33"]
[Site "Elista"]
[Date "1998.10.11"]
[Round "12.3"]
[White "Lutz, Christopher"]
[Black "Morozevich, Alexander"]
[Result "0-1"]
[WhiteElo "2600"]
[BlackElo "2625"]
[Annotator "Finkel,A"]
[PlyCount "60"]
[EventDate "1998.09.29"]
[EventType "team-swiss"]
[EventRounds "13"]
[EventCountry "RUS"]
[SourceTitle "CBM 068"]
[Source "ChessBase"]
[SourceDate "1999.02.01"]
[SourceVersion "1"]
[SourceVersionDate "1999.02.01"]
[SourceQuality "1"]
[WhiteTeam "Germany"]
[BlackTeam "Russia"]
[WhiteTeamCountry "GER"]
[BlackTeamCountry "RUS"]

{[%mdl 2128]} 1. e4 {Ftacnik.} e6 2. d4 d5 3. Nc3 Nf6 4. e5 Nfd7 5. f4 c5 6.
Nf3 a6 {'!?' Ftacnik.} 7. Be3 Qb6 8. Na4 Qa5+ (8... Qc7 9. dxc5 Nxc5 10. Nxc5
Bxc5 11. Bxc5 (11. Qd2 Bd7 12. O-O-O Bb5 13. Bxc5 Qxc5 $11 {Riemersma,L-Barsov,
A/Vlissingen op 1996 (28)}) 11... Qxc5 12. Qd2 a5 13. Qf2 $6 Qb4+ 14. Nd2 Qxb2
15. Rb1 Qxc2 16. Bb5+ Nc6 17. O-O O-O $17 {Wemmers,X-Barsov,A/Soest op 1995 
(41)}) (8... Qc6 9. c4 $2 dxc4 10. Nc3 b5 11. a4 Bb7 12. axb5 axb5 13. Rxa8
Bxa8 14. Qa1 Na6 $17 {Motylev,A-Volkov,S/RUS-sf 1995 (29)}) 9. c3 cxd4 10. b4
Qc7 11. Qxd4 Nc6 12. Qd2 b5 {'!?' Ftacnik.} (12... Be7 13. Be2 (13. Bd3 b5 14.
Nb2 a5 15. O-O axb4 $13 {1/2-1/2 Arakhamia,K-Drasko,M/Heraklio op 1993}) 13...
b5 14. Nb2 a5 15. O-O axb4 16. Rfc1 $5 Qb7 17. cxb4 Bxb4 18. Qc2 $44 {
Vratonjic,S-Drasko,M/JUG-chT2 1993 (38)}) 13. Nb2 f6 {'!' Ftacnik. Ftacnik:
'Morozevich has chosen an ambitious plan that sends white knight to modest
square b2 and quickly undermines the center. '} 14. exf6 $6 {Letting black to
equalize very easily.After correct} (14. a4 $1 {[%csl Rb5]} Rb8 15. axb5 axb5
16. Nd4 $1 {'~~' Ftacnik.} Nxd4 17. Bxd4 fxe5 18. fxe5 Be7 19. Ra7 $16 {
white has got significient advantage in Scripchenko,E-Matveeva,S;Belgrad 1996.}
) (14. Bd4 {Ftacnik} fxe5 15. fxe5 Be7 $17 {xe5}) 14... Nxf6 15. Bd3 Bd6 16.
O-O O-O 17. a4 {Now it's to late.} Rb8 $11 18. axb5 axb5 19. Nd4 $2 {'?!'
Ftacnik.} (19. Rae1 $5 Bd7 (19... e5 $6 20. Nxe5 Nxe5 21. fxe5 Bxe5 22. Bf4 $1
$14 {[%cal Gf4b8]}) 20. Nd1 Ng4 $6 21. g3 Nxe3 22. Nxe3 Ne7 23. Ng4 Rbc8 $132)
(19. g3 $1 {Ftacnik} Ng4 (19... e5 20. fxe5 Nxe5 21. Nxe5 Bxe5 22. Bc5 $14) 20.
Bd4 Nxd4 21. Nxd4 Bd7 22. Ra5 e5 23. fxe5 Rxf1+ 24. Bxf1 Bxe5 $14) (19. Nd1 $5
{Ftacnik}) 19... Nxd4 20. Bxd4 (20. cxd4 $6 {Ftacnik} Ng4 $15) 20... Ne4 $1 $36
{'!' Ftacnik. Ftacnik: 'Black strives to open the position for his long range
bishops, in ideal case together with weakening of white's kingside.'} 21. Bxe4
dxe4 22. Be3 $6 {'?' Ftacnik.} (22. Be5 $5 Bxe5 23. fxe5 Bb7 (23... Rd8 {
Ftacnik} 24. Qg5 Bb7 $15) 24. Rxf8+ Rxf8 25. Nd1 Qxe5 (25... e3 $6 {[%cal
Gb7g2]} 26. Qxe3 Qf7 (26... Qc6 27. Ra2 $14) 27. Nf2 Qg6 28. Qg3 Qc2 29. h4 $14
{[%cal Ga1a7]}) 26. Ne3 Qc7 $5 27. Re1 Rd8 $15) (22. g3 {Ftacnik} Bb7 23. Qe2
Qc6 (23... e3 24. Qxe3 Qc6 25. Qxe6+ Rf7 26. Qh3 Qh1+ 27. Kf2 Qf3+ 28. Kg1 $11)
24. Qe3 $13) 22... Bb7 {[%csl Rb2][%cal Gb7d5]} 23. c4 (23. Ra7 {Ftacnik} e5
24. f5 Rbd8 $15) 23... g5 $1 $17 {Extremly strong move agaist which it's quiet
difficult to find the sufficient defense. '!' Ftacnik.} 24. cxb5 $2 {Loosing
by force.} (24. c5 Bxf4 25. g3 Bxg3 $1 {[%csl Rg1]} 26. hxg3 Qxg3+ 27. Kh1 Rf3
28. Rg1 (28. Rxf3 exf3 29. Qf2 Qh3+ 30. Kg1 Rf8 {[%cal Gf8f6,Gf6h6]} 31. Bxg5
Rf5 $19) 28... Qh3+ (28... Qh4+ $2 29. Qh2 Rh3 30. Rxg5+ Kf7 31. Rf1+ Ke8 32.
Rg8+ Ke7 (32... Kd7 33. c6+ Kxc6 34. Rc1+ Kd7 35. Rc7#) 33. Bg5+ Qxg5 34. Rxg5
$18) 29. Qh2 Rxe3 30. Rxg5+ Kh8 $19) (24. fxg5 Bxh2+ 25. Kh1 Be5 $1 (25... bxc4
$6 26. Nxc4 $1 Rxf1+ 27. Rxf1 Ba6 (27... Qxc4 28. Rc1 $11) 28. Rc1 Bxc4 29. Qd4
Rc8 30. Qxe4 $1 (30. b5 $2 Be5 31. Qxe4 Qd6 32. b6 Ba6 $19) 30... Bg3 31. g6
hxg6 32. Rxc4 Qxc4 (32... Qh7+ $6 33. Kg1 Qh2+ 34. Kf1 Qh1+ 35. Bg1 $13) 33.
Qxg6+ $11) 26. cxb5 (26. Bd4 Bxd4 27. Qxd4 Qg3 28. Qd7 e3 $1 29. Rxf8+ Rxf8 30.
Qxb7 e2 $19) 26... Qg7 27. Rxf8+ Rxf8 28. Rb1 Qg6 $1 29. Qe2 Rf3 $1 30. Kg1 Qh5
31. gxf3 exf3 32. Qf2 Qg4+ 33. Kf1 Qh3+ 34. Kg1 Bg3 $19) (24. g3 $5) 24... gxf4
25. b6 fxe3 $1 $19 {'Little' combination immideatly deciding the game. '!'
Ftacnik. Ftacnik: 'Tha tactical solution for white failed, suddenly black
pawns will roam around promotion squares.'} 26. bxc7 Rxf1+ 27. Rxf1 (27. Kxf1
Rf8+ $19) 27... exd2 28. cxb8=Q+ Bxb8 {White is helpless against two black
pawns,which simply move forward with some help from the bishops! Ftacnik: 'The
bishops could have only dreamed about such a rosy future. White can not stop
the marching pawns because of their excellent support. '} 29. Nd1 (29. Kf2 Ba7+
30. Ke2 Ba6+ $19) (29. Nc4 Ba7+ 30. Kh1 e3 $19) 29... Ba7+ 30. Rf2 Ba6 $1 0-1

[Event "Asia-ch 4th"]
[Site "Doha"]
[Date "2003.02.27"]
[Round "6"]
[White "Al Sayed, Mohammed"]
[Black "Barua, Dibyendu"]
[Result "0-1"]
[WhiteElo "2431"]
[BlackElo "2541"]
[Annotator "Finkel,A"]
[PlyCount "90"]
[EventDate "2003.02.22"]
[EventType "swiss"]
[EventRounds "9"]
[EventCountry "QAT"]
[SourceTitle "CBM 094"]
[Source "ChessBase"]
[SourceDate "2003.05.26"]
[SourceVersion "1"]
[SourceVersionDate "2003.05.26"]
[SourceQuality "1"]

1. e4 e6 2. d4 d5 3. Nc3 Nf6 4. e5 Nfd7 5. f4 c5 6. Nf3 Qb6 7. Be3 a6 8. a3 (8.
Na4 Qa5+ (8... Qc7 9. dxc5 Nxc5 10. Nxc5 Bxc5 11. Qd2 Nd7 12. Bd3 Qb6 13. Bxc5
Nxc5 14. b4 Nxd3+ 15. cxd3 $14 {Luther,T-Volkov,S/Moscow 2001}) 9. c3 cxd4 10.
b4 Qc7 11. Qxd4 (11. Bxd4 Nc6 12. Qd2 b5 13. Nb2 Nxd4 14. Nxd4 Bb7 15. Bd3 $14
{Berg,E-Kiriakov,P/Skelleftea 2001}) 11... a5 (11... Nc6 12. Qd2 Be7 13. Be2 b5
14. Nb2 f6 15. a4 bxa4 16. exf6 Nxf6 17. Nxa4 $14 {Schmaltz,R-Libiszewski,F/
FRA 2002}) (11... b5 12. Nb2 f6 13. exf6 Nxf6 14. a4 Nc6 15. Qb6 Qxb6 16. Bxb6
Rb8 17. Be3 Bd6 $13 {Ernst,T-Ulibin,M/Stockholm 2002}) 12. b5 (12. a3 axb4 13.
axb4 Nc6 14. Qd2 f6 15. Bb5 fxe5 16. Nxe5 Bd6 $132 {1/2-1/2 Antal,G-Horvath,C/
Budapest 2002}) 12... b6 13. Be2 Nc5 14. O-O Nbd7 15. Nb2 a4 16. c4 a3 17. Nd1
dxc4 18. Qxc4 $14 {Bar,R-Roiz,M/Ramat Aviv/Modiin 2000}) 8... Nc6 9. Na4 {
I don't really like combination of a3 and na4 since black gets very
comfortable square c4 for his pieces in most of the variations, however this
move isn't a mistake.} (9. Be2 cxd4 10. Nxd4 Bc5 11. Na4 Qa5+ 12. c3 Bxd4 13.
Bxd4 Nxd4 14. Qxd4 Qc7 15. b4 O-O $132 {[%cal Gf7f6]}) 9... Qa5+ 10. c3 (10.
Nc3) 10... c4 (10... cxd4 11. b4 Qc7 12. Nxd4 (12. cxd4 b5 13. Nc5 Qb6 14. Bd3
a5 15. Bd2 Nxc5 16. bxc5 Qb7 17. Qb1 $16 {Fernandez Bouza,F-Abella Vazquez,C/
Ferrol 2000}) 12... b5 13. Nb2 g6 (13... Nb6 14. a4 bxa4 15. Nxa4 Nd7 16. Bd3
Be7 17. O-O Bb7 18. Nb3 $14 {Zarezenko,I-Vitik,V/Cherepovets 2001}) (13...
Ncxe5 14. fxe5 Qxc3+ 15. Qd2 Qxd2+ 16. Kxd2 Nxe5 $13 {Timmermans,I-Piceu,T/
Belgium 2001}) 14. Be2 Bh6 15. Qd2 Nb6 16. O-O O-O 17. Rf3 f6 $13 {Coelho,
D-Menendez,M/Merida 1997}) 11. Be2 $6 {Too slow. White had to start with 11.b4
as was played by Apicella in his game against Gurevich:} (11. b4 $5 cxb3 12.
Qxb3 b5 13. Nb2 b4 14. cxb4 Bxb4+ 15. Kf2 Rb8 16. Qc2 Bc3 17. Ra2 Bxb2 18. Rxb2
Qxa3 19. Rxb8 Ndxb8 20. Be2 $44 {Apicella,M-Gurevich,M/Cappelle la Grande 1999}
) 11... Qc7 $1 {[%cal Gb7b5] Now the knight comes to c4 with a tempo.} 12. b4 (
12. O-O $6 b5 13. Nc5 Nxc5 14. dxc5 Na5 15. a4 Nb3 16. Ra2 Bxc5 17. Bxc5 Qxc5+
18. Kh1 bxa4 $15 {Karner,H-Vaganian,R/Tallinn 1983}) 12... cxb3 13. Qxb3 Na5
14. Qc2 Nc4 15. Bxc4 (15. Bc1 b5 16. Nb2 Nxa3 17. Qb3 Nc4 $17) 15... dxc4 16.
Nb2 b5 {[%cal Gc8b7]} 17. f5 $6 {White should've tried to keep the position
closed for a while completing development of the pieces before breaking with
f5.} (17. a4 Bb7 18. axb5 axb5 19. Rxa8+ Bxa8 20. O-O Nb6 21. Bd2 Be7 22. Nd1
O-O 23. Ne3 $13) 17... exf5 18. Qxf5 Nb6 $15 19. Qh5 Nd5 20. Bd2 h6 $1 {
[%csl Gg5] Restricting white knight.} 21. O-O Be7 22. Nh4 (22. Ng5 Bxg5 23.
Bxg5 Nxc3 $17) (22. Nd1 $4 {[%csl Rh5]} g6 $19) 22... g6 $1 {White minor
pieces are extremly passive so white's desperate attacking attempt is doomed
to fail.} 23. Nxg6 (23. Qf3 Bxh4 24. Qxd5 Bb7 25. Qd6 Qxd6 26. exd6 f5 27. Bf4
Kd7 28. g3 Bf6 29. Rae1 Be4 $17) 23... fxg6 24. Qxg6+ Kd8 25. Rae1 (25. Rf7 Qb6
26. Qg7 Re8 27. a4 Rb8 28. axb5 axb5 29. Qh7 $17) 25... Bb7 26. Rf7 Qc6 27. Qg7
Qe8 $1 $19 {[%csl Rg2][%cal Gh8g8] Putting white on defensive.} 28. e6 Rg8 29.
Qxh6 Qc6 30. Rg7 Kc7 31. Nd1 (31. Bg5 Kb6 32. Bxe7 Nxe7 $19) 31... Raf8 32. Qg6
Qe8 33. Qg3+ Kc8 34. Re2 Rxg7 35. Qxg7 Qh5 36. Re1 Qf5 37. Qe5 Qc2 (37... Qxe5
38. Rxe5 Bxa3 39. Ne3 Nxe3 40. Bxe3 Re8 $19) 38. Qe2 Rg8 39. g3 Bc6 40. Rf1 Nf6
41. Ne3 Qe4 42. Qg2 Qxg2+ 43. Nxg2 Ne4 44. Be1 Ng5 45. Kf2 Nh3+ 0-1

[Event "Mermaid Beach Club"]
[Site "Bermuda"]
[Date "1999.01.26"]
[Round "6"]
[White "Waitzkin, Joshua"]
[Black "Thorhallsson, Throstur"]
[Result "1-0"]
[WhiteElo "2467"]
[BlackElo "2499"]
[Annotator "Finkel,A"]
[PlyCount "107"]
[EventDate "1999.01.21"]
[EventType "tourn"]
[EventRounds "13"]
[EventCountry "BER"]
[EventCategory "9"]
[SourceTitle "CBM 069"]
[Source "ChessBase"]
[SourceDate "1999.04.01"]
[SourceVersion "1"]
[SourceVersionDate "1999.04.01"]
[SourceQuality "1"]

1. e4 e6 2. d4 d5 3. Nc3 Nf6 4. e5 Nfd7 5. Nce2 c5 6. c3 Nc6 7. f4 b5 8. a3 $5
a5 (8... Qb6 9. Nf3 Be7 (9... a5 10. f5 $5 cxd4 11. fxe6 fxe6 12. cxd4 Be7 13.
Nf4 Nf8 14. Bd3 $14 {Morozevich,A-Dukhov,A/Moscow Tal 1992}) (9... c4 $6 10. g4
f6 11. Bh3 fxe5 12. fxe5 Be7 13. Nf4 Nf8 14. Nh5 Rg8 15. O-O Bd7 16. Bg5 Qd8
17. Qd2 $16 {Golubev,M-Relange,E/Groningen op 1993}) 10. f5 cxd4 11. cxd4 b4
12. fxe6 fxe6 13. Nf4 bxa3 14. bxa3 O-O 15. Bd3 Nxd4 $5 16. Nxd4 Nxe5 17. Be3
Qa5+ $44 {Arakhamia,K-Repkova,E/EU-chTW 1992}) 9. Nf3 Ba6 ({Too dangerous is} 
9... b4 10. axb4 cxb4 11. f5 $1 exf5 12. Nf4 Nb6 13. Bb5 Bb7 14. e6 $1 $40 {
and white has got a strong attack in Shirov,A-Nikolenko,O/URS-ch58 1991 (30)})
10. h4 ({Different type of position arises after} 10. dxc5 $5 Bxc5 11. b4 Ba7
12. Ned4 Nxd4 13. cxd4 Nb6 14. a4 $1 $14 {,but also in this case white has
chanses to get an advantage; Lanka,Z-Gausel,E/EU-chT 1992 (79)}) 10... b4 11.
h5 Be7 12. f5 {This is the main idea of white's set up-to stabelize the
position in the center and then to push f5 with pressure on the kingside.} exf5
13. Ng3 (13. Nf4 $5 bxc3 14. bxc3 Bxf1 15. Kxf1 Nb6 16. Qd3 $44) 13... Bxf1 14.
Kxf1 Nf8 $6 ({It demands a lot of curriage to play} 14... g6 {,but it would be
better choice:} 15. hxg6 (15. e6 $5 fxe6 16. hxg6 Nf6 $5 (16... Bf6 17. Rxh7
Rxh7 18. gxh7 bxc3 (18... Qe7 $6 19. axb4 cxb4 20. Ng5 $16) 19. bxc3 Qe7 20.
Qe2 $36) 17. Ng5 bxc3 18. bxc3 Qd6 $132) 15... fxg6 16. dxc5 $6 (16. Nxf5 $5
gxf5 17. Ng5 Nf8 (17... Bxg5 18. Qh5+ Kf8 19. Bxg5 Ne7 20. e6 Qe8 21. Qh6+ Kg8
22. exd7 Qxd7 23. Bf6 $18) 18. Qh5+ Ng6 19. Qxg6+ hxg6 20. Rxh8+ Kd7 21. Rxd8+
Rxd8 $13)) 15. Nxf5 $14 Ne6 16. h6 g6 17. Ng7+ Kf8 18. axb4 cxb4 (18... axb4)
19. Kg1 ({Nothing promises} 19. Nxe6+ fxe6 20. g3 (20. Be3 Kf7 21. Qd2 Rf8 22.
Ng5+ Kg8+ 23. Kg1 bxc3 24. bxc3 Qd7 $15) 20... Kf7 21. Kg2 Rf8 22. Be3 Kg8 23.
Rf1 $13 {and black doesn't seem to have any problems.}) 19... Qd7 {Ones again
black chooses "safer" continuation.May be better practical chanse was} (19...
Nxg7 $5 20. hxg7+ Kxg7 21. Bh6+ Kg8 22. Qd2 bxc3 23. bxc3 $44 {and white has
fantastic compensation for the pawn,but at least black has a pawn,while in the
game white just has very comfortable advantage.}) 20. Nxe6+ Qxe6 21. Bg5 $1 Ke8
(21... f6 $2 22. exf6 Bxf6 23. Bxf6 Qxf6 24. cxb4 Nxb4 25. Ne5 $16) 22. Qd2 Kd7
23. Rf1 Rhf8 (23... Raf8 $5) 24. Bxe7 Qxe7 25. Ng5 $16 {[%csl Rf7,Rh7] Black
can't defend the pawn on h7 and very quickly white's advantage gets decisive.}
bxc3 26. bxc3 f6 $8 27. exf6 Rxf6 28. Rxf6 Qxf6 29. Nxh7 Qf5 30. Ng5 $6 ({
More convincing was} 30. Rh3 $1 a4 31. Rf3 Qb1+ 32. Rf1 Qb3 33. Nf8+ $18) 30...
a4 31. h7 Rh8 32. Kh2 Na5 $6 {Now it is over.The last chanse was} (32... Nd8 $8
33. Kg3 Ne6 34. Nxe6 Qxe6 35. Qf4 a3 36. Ra1 Rxh7 37. Rxa3 Qe1+ 38. Qf2 $16 {
with very small chanse of survival.}) 33. Kg3 $1 a3 34. Qf4 Qxf4+ 35. Kxf4 Rf8+
36. Kg4 Nb3 37. Nf7 $1 $18 {Forcing the knights ending with two pawns up,which
is easily winning for white.} a2 38. h8=Q Rxh8 39. Nxh8 a1=Q 40. Rxa1 Nxa1 41.
Nxg6 Nc2 42. Nf4 Kd6 43. Kh5 Ne3 44. g4 Nd1 45. Ne2 Ne3 46. g5 Ke6 47. Kg6 Ng2
48. Kh7 Ne3 49. g6 Kf5 50. g7 Ng4 51. g8=Q Nf6+ 52. Kh8 Nxg8 53. Kxg8 Ke4 54.
Kf7 1-0

[Event "Olympiad-36"]
[Site "Mallorca"]
[Date "2004.10.25"]
[Round "10"]
[White "Lupulescu, Constantin"]
[Black "Smerdon, David"]
[Result "0-1"]
[WhiteElo "2560"]
[BlackElo "2425"]
[Annotator "Finkel,A"]
[PlyCount "90"]
[EventDate "2004.10.15"]
[EventType "team-swiss"]
[EventRounds "14"]
[EventCountry "ESP"]
[SourceTitle "CBM 104"]
[Source "ChessBase"]
[SourceDate "2005.01.27"]
[SourceVersion "1"]
[SourceVersionDate "2005.01.27"]
[SourceQuality "1"]
[WhiteTeam "Romania"]
[BlackTeam "Australia"]
[WhiteTeamCountry "ROU"]
[BlackTeamCountry "AUS"]

1. e4 e6 2. d4 d5 3. Nc3 Nf6 4. e5 Nfd7 5. Nce2 c5 6. c3 Nc6 7. f4 Qb6 8. Nf3
f6 9. g3 {Very solid continuation promising white a small, but long-lasting
edge.} cxd4 (9... Be7) 10. cxd4 Bb4+ 11. Nc3 O-O 12. a3 Be7 13. Bh3 fxe5 $6 {
Very risky move after which black has to prove that it's initiative worth 2
pawns!} (13... Kh8 14. exf6 (14. Na4 Qa6 15. Bf1 b5 16. Nc3 fxe5 17. Bxb5 Qb6
18. Bxc6 Qxc6 19. fxe5 Ba6 $36 {Sznapik,A-Knaak,R/Bratislava 1983}) 14... Nxf6
15. O-O Ne4 $6 16. Re1 Bf6 17. Nxe4 dxe4 18. Rxe4 Bd7 19. Rb1 Nxd4 $2 20. Nxd4
Bc6 21. Re5 $18 {Riemersma,L-Luther,T/Chania 1993}) 14. Bxe6+ Kh8 15. Nxd5 Qd8
16. Bxd7 Bxd7 17. dxe5 (17. Nxe7 $5 Qxe7 18. Nxe5 Bh3 (18... Rad8 19. O-O Nxd4
$2 20. Qxd4 Bh3 21. Qe4 {1-0 Dresling,S-Winfridsson,O/ICCF corr 1997}) 19. Be3
Rad8 20. Qd2 Qe6 $44) 17... Bg4 18. O-O {Sacrificing an exchange is the best
way to play in the position, since after} (18. h3 Bxf3 19. Qxf3 Nxe5 20. Qe4
Nc6 21. O-O Bc5+ 22. Kg2 Qd7 $44 {[%cal Ga8e8] black's piece play fully
compensates him for the lack of a pawn.}) 18... Bc5+ 19. Be3 Bxe3+ 20. Nxe3 Qb6
21. Qd2 Bxf3 22. Rxf3 Nd4 23. Rff1 Nb3 24. Qe2 $6 {Not the best decision.
Strangely enough white should initiate the trade of the queens, so it was
better to play 24.Qf2:} (24. Qf2 Nxa1 25. Rxa1 Rae8 26. Rc1 g5 27. Ng4 Qxf2+
28. Kxf2 gxf4 29. Rc7 fxg3+ 30. Kxg3 $16 {Smagin,S-Dimitrov,V/Prilep 1992})
24... Nxa1 25. Rxa1 g5 $1 $13 {An exposed position of the white king promise
black sufficient counterchances.} 26. Rf1 gxf4 27. gxf4 Rf5 28. Kh1 (28. Rf3
Rg8+ 29. Kf1 $6 Rf7 30. f5 Rfg7 31. Rg3 Rxg3 32. hxg3 Rxg3 33. Kf2 Rh3 $19)
28... Rf7 29. f5 Rg8 30. e6 Rfg7 31. Qf3 (31. Nd5 $4 Qg1+ 32. Rxg1 Rxg1#) (31.
f6 $4 Qc6+ 32. Qf3 Qxf3+ 33. Rxf3 Rg1#) (31. Qd2 $5) 31... Rg5 32. b4 (32. Qe4
Qxb2 33. e7 $2 Qxh2+ $1 34. Kxh2 Rh5+ $19) (32. e7 $2 Qf6 33. Nd5 Qd4 34. Ne3
Qg7 $19) 32... Qd6 $1 {[%cal Gd6e5]} 33. Nd5 Rg3 $5 34. Qd1 $6 {Making the
wrong choice. White should've grabbed the chance to eliminate black rooks by} (
34. hxg3 $1 Rxg3 35. Ne3 Rxf3 36. Rxf3 Kg8 37. Kg2 Kf8 $14 {and white keeps
slightly better chances, even though a draw seems to be the most likely result.
}) 34... R3g4 35. Qf3 Qe5 $1 $15 {[%csl Ge5] Black queen is extremly strong on
e5.} 36. e7 Rh4 37. Nf4 (37. h3 $2 Qxd5 $19) 37... Qxe7 38. Qc3+ Qg7 39. f6 Qf7
40. Qe5 (40. Ne6 Rhg4 41. Ng7 Rf8 $17) 40... b6 41. b5 Rhg4 42. h3 Rg3 43. Kh2
$2 {A blunder in a very difficult position.} (43. Rf2 $5) 43... Qa2+ $19 44.
Ne2 Rg2+ 45. Kh1 Rxe2 0-1